La grotte ornée d'El Castillo
محفوظ في:
المؤلفون الرئيسيون: ,
التنسيق: كتاب
منشور في:
Oxford
Archaeopress Publishing Ltd
2025
الوسوم: إضافة وسم
لا توجد وسوم, كن أول من يضع وسما على هذه التسجيلة!
رقم الطلب:
| LEADER | 00674namaa2200181 4500 | ||
|---|---|---|---|
| 001 | 9781803279275 | ||
| 003 | UkOxAP | ||
| 005 | 20260405155016.0 | ||
| 020 | |a 9781803279282 | ||
| 776 | 1 | |x 9781803279275 | |
| 245 | 0 | 0 | |a La grotte ornée d'El Castillo |
| 100 | 1 | |a Groenen, Marc |e Author |l French | |
| 700 | 1 | |a Groenen, Marie-Christine |e Author |l French | |
| 856 | 4 | 2 | |a http://library.arce.org:8087/Archaeopress/Products/9781803279282 |
| 260 | |a Oxford |b Archaeopress Publishing Ltd |c 2025 | ||
| 270 | |a Archaeopress Publishing Ltd, Summertown Pavillion, 18 -24 Middle Way, Summertown |b Oxford |d United Kingdom |e OX2 7LG |k 44-1865-311914 |m info@archaeopress.com | ||
| 942 | |2 lcc |c EBOOK | ||
| 999 | |c 62087 |d 62087 | ||
